000 00741cab a2200253 4500
001 ABS50189
008 090401t1994 xxu||||| |||| 00| 0 eng d
035 _a(Sirsi) u74551
041 _aeng
100 _aOstler, T.
245 _aDoes quality assurance work?
260 _c1994
350 _a0
490 _aArchitects` Journal
_v199(7) 16 February 1994, 32(1)
520 _aPresents views that quality assurance is not suitable for an innovative design process and that it perpetuates bureaucracy.
650 _aBS 5750
650 _aBSI
650 _aCOMPETITION
650 _aCOSTS
650 _aQUALITY ASSURANCE
690 _aMANAGEMENT-BUSINESS MANAGEMENT-PROFESSIONAL PRACTICE
942 _n0
948 _c04/03/1997
999 _c46995
_d46995